000 00607cam a22002294a 4500
003 UPN
005 20220602063700.0
008 991125s1994 mx 000 f spa d
020 _a9686005463
035 _aUPN01000008248
040 _aUPN
_bspa
_cUPN
049 _aCG
050 4 _aPQ8498.32 A6.5
_bC5.37
100 1 _aVargas Llosa, Mario,
_d1936-
_929481
245 1 3 _aLa ciudad y los perros /
_cMario Vargas Llosa.
260 _aMéxico :
_bSeix Barral,
_c1994.
300 _a394 p.
490 0 _aBiblioteca de bolsillo
650 7 _aNovela peruana
_2
_910208
905 _aLibro
942 _2lcc
_cLIBRO
999 _c8248
_d8248